| 000 | 00466nam a2200157Ia 4500 | ||
|---|---|---|---|
| 008 | 151021s9999 xx 000 0 und d | ||
| 020 | _a65012925 | ||
| 050 | _aPN4121 .D3893 1994 | ||
| 245 | _a_The public speaking guide Joseph A.Devito | ||
| 260 | _aNew York Harper Collins college 1994 | ||
| 300 | _avii,116p. | ||
| 500 | _aIncludes bibliography. | ||
| 500 | _aIncludes bibliography. | ||
| 650 | _a_Public speaking | ||
| 980 | _a^d20130522 04:50:02^oanne | ||
| 999 |
_c13638 _d13638 |
||